Reseña histórica del ferrocarril entre Santiago i Valparaíso, acompañada de cuatro vistas fotográficas, de un plano de la línea, biografía i retrato del contratista D. Enrique Meiggs. Por R.R.J.
Uloženo v:
| Hlavní autor: | |
|---|---|
| Médium: | Kniha |
| Jazyk: | španělština |
| Vydáno: |
Santiago
Imprenta del Ferrocarril, calle de la Bandera, N§39
1863
|
| Vydání: | 1a. ed |
| Témata: | |
| Tagy: |
Přidat tag
Žádné tagy, Buďte první, kdo vytvoří štítek k tomuto záznamu!
|
MARC
| LEADER | 00000nam a2200000 a 4500 | ||
|---|---|---|---|
| 001 | UCJ5712 | ||
| 003 | CL-VaPUC | ||
| 008 | 070124e18630000CL |||||||||||||||||spa|d | ||
| 082 | 0 | 4 | |a 983 |b RIV |2 21 |
| 100 | 0 | |a Rivera Jofré, R. |e author |9 511301 | |
| 245 | 1 | 0 | |a Reseña histórica del ferrocarril entre Santiago i Valparaíso, acompañada de cuatro vistas fotográficas, de un plano de la línea, biografía i retrato del contratista D. Enrique Meiggs. Por R.R.J. |
| 250 | |a 1a. ed | ||
| 300 | |a 173 p | ||
| 942 | |c BK | ||
| 945 | |d 20070124 00:00:00 |a rinostro | ||
| 260 | |a Santiago |b Imprenta del Ferrocarril, calle de la Bandera, N§39 |c 1863 | ||
| 500 | |a De las ilustraciones que menciona la portada, en este ejemplar sólo se encuentra una fotocopia del trazado de la línea | ||
| 600 | 0 | |a Meiggs, Henry, |d 1811-1877 |q Meiggs, Enrique |9 378129 | |
| 650 | 0 | |a Ferrocarriles |9 260933 | |
| 650 | 7 | |a TRANSPORTE |2 CL-VaPUC |9 256365 | |
| 650 | 0 | |a Obras públicas |9 261125 | |
| 650 | 0 | |a Ingeniería |9 259380 | |
| 650 | 0 | |a Costos |9 261063 | |
| 650 | 7 | |a DOCUMENTOS |2 CL-VaPUC |9 366450 | |
| 650 | 7 | |a BIOGRAFIA |2 CL-VaPUC |9 504622 | |
| 650 | 0 | |a Discursos |9 265028 | |
| 650 | 0 | |a Historia de Chile |9 265473 | |
| 583 | |a last modification |c 20070124 00:00:00 |k Rodrigo Vera | ||
| 999 | |c 321821 |d 321819 | ||
| 952 | |0 0 |1 0 |4 0 |6 983_000000000000000_RIV_1863 |7 0 |8 X |9 400675 |a FDOBUD |b FDOBUD |d 2019-11-22 |i 1038583 |o 983 RIV 1863 |p 1038583 |r 2019-11-22 |w 2019-11-22 |y BK_X |k BUD | ||